000 00908nam a2200229Ia 4500
003 Ost
005 20260507075506.0
008 260507s9999||||xx |||||||||||||| ||und||
020 _a9789957499624
040 _cfsecg
041 _aara
082 _a350
100 _aقطيش، نواف
_eمؤلف
245 0 _aإدارة الأزمات(الأمن الوطني) /
_c نواف قطيش
260 _aعمان:
_bدار الراية,
_c2009
300 _a180 صفحة؛
_bإيضاحات ؛
_c25 سم
504 _aببليوغرافيا:ص ص.177-180
520 _aمفهوم الأمن الوطني،إدارة الأزمة،أزمة نظرية الحكم،الجغرافيا السياسية وأزماتها،إدارة والتجارب على إدارة أزمات الأمن الداخلي،إدارة الكوارث
653 _aالإدارة
653 _aالشرطة
942 _cكتاب
999 _c44714
_d44714